Il mondo senza di me /

Domenica mattina di un freddo settembre. Il ventunenne Ale si sveglia pensando alla ragazza che ha conosciuto la sera prima. Non sa che la settimana in arrivo gli riserverà brutte sorprese: ogni giorno che verrà dovrà affrontare una diversa forma di abbandono da parte delle persone che ama. Intanto...

Ամբողջական նկարագրություն

Պահպանված է:
Մատենագիտական մանրամասներ
Հիմնական հեղինակ: Mancassola, Marco (Հեղինակ)
Ձևաչափ: Գիրք
Լեզու:իտալերեն
Հրապարակվել է: Milano : Oscar Mondadori, 2003
Շարք:Piccola biblioteca Oscar ; 315
Ցուցիչներ: Ավելացրեք ցուցիչ
Չկան պիտակներ, Եղեք առաջինը, ով նշում է այս գրառումը!

MARC

LEADER 00000nam a22000007i 4500
001 IT\ICCU\TO0\1154897
003 ItRI
005 20260218111131.0
008 030122s2003 it |||||| ||||| |||||c
015 |2 IT  |a 2004-1031 
020 |a 8804513179 
040 |b ita  |c Arcigay Queer VdA 
041 7 |a ita  |2 ISO-639-2 
082 |a 853.92  |2 21 
100 1 |a Mancassola, Marco  |0 IT\ICCU\RAVV\263456  |4 aut 
245 1 3 |a Il mondo senza di me /  |c Marco Mancassola. 
260 |a Milano :  |b Oscar Mondadori,  |c 2003 
300 |a 206 p. ;  |c 18 cm. 
520 |a Domenica mattina di un freddo settembre. Il ventunenne Ale si sveglia pensando alla ragazza che ha conosciuto la sera prima. Non sa che la settimana in arrivo gli riserverà brutte sorprese: ogni giorno che verrà dovrà affrontare una diversa forma di abbandono da parte delle persone che ama. Intanto Ettore, il suo compagno di appartamento, parte per Amsterdam dopo essere stato lasciato da Nino. In questo romanzo d'esordio, pubblicato con successo nel 2001 da Pequod, Marco Mancassola racconta la fine dei sogni romantici, il frammentarsi dei destini individuali. 
830 0 |a Piccola biblioteca Oscar ;  |v 315  |0 IT\ICCU\PAL\0111548 
942 |2 ddc  |c BK 
952 |0 0  |1 0  |2 ddc  |4 0  |6 853_920000000000000_MAN_MON  |7 1  |9 4047  |a AO  |b AO  |d 2025-04-29  |l 0  |o 853.92 MAN MON  |p 11232  |r 2025-04-29 11:16:10  |w 2025-04-29  |x Di proprietà di Giulio Gasperini  |y BK 
952 |0 0  |1 0  |4 0  |6 DOC_853_914000000000000_MAN  |7 0  |9 14628  |a BO  |b BO  |d 2026-01-15  |i 6855  |l 0  |o DOC 853.914 MAN  |p BO6855  |r 2026-01-15 23:18:50  |w 2026-01-15  |x [Sebina 5] [1 v.]  |y BK  |z 1 v. 
952 |0 0  |1 0  |2 ddc  |4 0  |6 853_920000000000000_MAN_MON  |7 0  |9 33060  |a VR  |b VR  |d 2026-02-18  |i 101  |l 0  |o 853.92 MAN MON  |p OBE-101  |r 2026-02-18 10:49:53  |w 2026-02-18  |y BK 
999 |c 3140  |d 3140